01147nam a2200193Ia 4500001001000000003001000010008004100020040002500061041001300086100003000099245005100129250001100180260005100191300002800242500027000270501011400540520027000654650002900924L232-6413IT-CnALBA170116s9999||||xx |||||||||||||| ||und|| aIT-CnALBAcIT-CnALBA aITALIANO aTIHAMER TOTH, MONS. DOTT. 0aGESÙ CRISTO E IL PROBLEMA DEL NOSTRO TEMPO.  a1a ed. aCINISELLO BALSAMO (MI)bEDIZIONI PAOLINEcn.d. a410 p. (prefazione: 57) aTRADUZIONE DI MONS. UGO CAMOZZO. RITORNO A CRISTO. MISTERO DELLA FEDE. SOVRANITÀ DI GESÙ. RELIGIONE E PATRIA. SACERDOZIO DI GESÙ. CRISTO E L'UMANITÀ. EDUCAZIONE. CRISTO E GIOVANNI. NOZZE DI CANA. NAZARETH. BETANIA. GESÙ CRISTO E LA FAMIGLIA. IL CROCIFISSO aSocietà San Paolo EM - Piazza San Paolo, 14 - 12051 ALBA (CN) (non commercial uses only) ® Copyright 2017 aTRADUZIONE DI MONS. UGO CAMOZZO. RITORNO A CRISTO. MISTERO DELLA FEDE. SOVRANITÀ DI GESÙ. RELIGIONE E PATRIA. SACERDOZIO DI GESÙ. CRISTO E L'UMANITÀ. EDUCAZIONE. CRISTO E GIOVANNI. NOZZE DI CANA. NAZARETH. BETANIA. GESÙ CRISTO E LA FAMIGLIA. IL CROCIFISSO aVITA E MISTERO DI CRISTO